Central Library OPAC University of Rajshahi
Normal view MARC view

Entry Personal Name

Number of records used in: 3

001 - CONTROL NUMBER

  • control field: 9485

003 - CONTROL NUMBER IDENTIFIER

  • control field: BD-RjUL

005 - DATE AND TIME OF LATEST TRANSACTION

  • control field: 20231011150011.0

008 - FIXED-LENGTH DATA ELEMENTS

  • fixed length control field: 231011|| aca||aabn | a|a d

040 ## - CATALOGING SOURCE

  • Original cataloging agency: BD-RjUL
  • Transcribing agency: BD-RjUL

100 ## - HEADING--PERSONAL NAME

  • Personal name: Kamruzzaman, A K M

670 ## - SOURCE DATA FOUND

  • Source citation: Work cat.: (BD-RjUL)82091: Kamruzzaman, A K M , IMPACT OF CLIMATE CHANGE ON THE OUTBREAK OF INFECTIOUS DISEASES AMONG CHILDREN IN BANGLADESH : , 2014